Common repair, common sense (Record no. 110086)
[ view plain ]
| 000 -LEADER | |
|---|---|
| fixed length control field | 01558cad a22002415a 4500 |
| 001 - CONTROL NUMBER | |
| control field | E148527 |
| 008 - FIXED-LENGTH DATA ELEMENTS--GENERAL INFORMATION | |
| fixed length control field | 090929s2009 xxka f 000 0 eng d |
| 035 ## - SYSTEM CONTROL NUMBER | |
| System control number | (Sirsi) u148527 |
| 041 0# - LANGUAGE CODE | |
| Language code of text/sound track or separate title | eng |
| 050 04 - LIBRARY OF CONGRESS CALL NUMBER | |
| Classification number | 331.2 $2 18 |
| 110 2# - MAIN ENTRY--CORPORATE NAME | |
| Corporate name or jurisdiction name as entry element | Consumer Focus Scotland |
| 9 (RLIN) | 5748 |
| 245 00 - TITLE STATEMENT | |
| Title | Common repair, common sense |
| Remainder of title | a detailed guide to the management of tenements in Scotland |
| Medium | [electronic resource] |
| 250 ## - EDITION STATEMENT | |
| Edition statement | 2nd ed. |
| 260 ## - PUBLICATION, DISTRIBUTION, ETC. | |
| Place of publication, distribution, etc. | Glasgow |
| Name of publisher, distributor, etc. | Consumer Focus Scotland |
| Date of publication, distribution, etc. | 2009 |
| 505 2# - FORMATTED CONTENTS NOTE | |
| Formatted contents note | Introduction -- Rights and responsibilities of tenement flat owners -- Managing the tenement -- Managing repairs and building maintenance -- Paying for repairs -- Compulsory repairs and maintenance powers, uncooperative owners and disputes -- Buying and selling -- Where can we get technical and legal advice? -- Contacts -- Glossary |
| 520 ## - SUMMARY, ETC. | |
| Summary, etc. | A detailed guide to the responsibilities of those living in flats with regard to the repair and maintenance of common parts such as roofs, stairs and back greens. Offers advice on getting all residents to act together and discusses what to do when disputes arise. Also looks at relevant property law. A less detailed guide is also available (see E148526). |
| 521 ## - TARGET AUDIENCE NOTE | |
| Target audience note | Introductory |
| 590 ## - LOCAL NOTE (RLIN) | |
| Local note | KA |
| 651 #4 - SUBJECT ADDED ENTRY--GEOGRAPHIC NAME | |
| Geographic name | Scotland |
| Chronological subdivision | 1999- |
| 690 ## - LOCAL SUBJECT ADDED ENTRY--TOPICAL TERM (OCLC, RLIN) | |
| Topical term or geographic name as entry element | PROPERTY-RESIDENTIAL PROPERTY-DOMESTIC RESIDENTIAL PROPERTY-HOUSING-FLATS |
| 856 40 - ELECTRONIC LOCATION AND ACCESS | |
| Uniform Resource Identifier | <a href="https://www.consumerfocus.org.uk/en/content/cms/Scotland/Publications/Consumer_Guides/Consumer_Guides.aspx">https://www.consumerfocus.org.uk/en/content/cms/Scotland/Publications/Consumer_Guides/Consumer_Guides.aspx</a> |
| Public note | View the guide free of charge at www.consumerfocus.org.uk... |
| 942 ## - ADDED ENTRY ELEMENTS (KOHA) | |
| Suppress in OPAC | 0 |
| Withdrawn status | Lost status | Source of classification or shelving scheme | Damaged status | Not for loan | Home library | Current library | Shelving location | Date acquired | Total Checkouts | Full call number | Barcode | Date last seen | Copy number | Price effective from | Koha item type |
|---|---|---|---|---|---|---|---|---|---|---|---|---|---|---|---|
| Dewey Decimal Classification | Virtual | Virtual | Online | 29/09/2009 | ONLINE PUBLICATION | 148527-2001 | 06/08/2019 | 1 | 06/08/2019 | Book |